| 000 | 01665nam0a22004691 4500 | ||
|---|---|---|---|
| 001 | RU\NLR\A1SV\79631 | ||
| 005 | 20260211113701.0 | ||
| 035 | _a(NLR Aleph) 009761077 | ||
| 090 |
_a10018539 _c10018539 |
||
| 100 | _a20070604d1923 u y0rusy50 ca | ||
| 101 | 0 | _arus | |
| 102 | _aRU | ||
| 200 | 1 |
_aЛетне-осенняя работа рабочих клубов и клубов РКСМ _e[Сб.] _f[Главполитпросвет] |
|
| 210 |
_aМ. _cКрас. новь _d1923 |
||
| 215 |
_a152 с. _d23 см |
||
| 300 | _aКоллектив указан на обл. | ||
| 320 | _aПеречень главнейших руководств, которыми можно пользоваться при проведении летних экскурсий (С.33-36) | ||
| 327 | 0 | _aАвт.: Е.Шалагинова, В.Менжинская, М.Данилевский, М.Ф.Дий, И.Г., С.К., М.Сигал | |
| 620 | _dМосква | ||
| 702 | 0 | _aИ.Г. | |
| 702 | 0 | _aС.К. | |
| 702 | 1 |
_aШалагинова _bЕ. П. _f1871- _gЕкатерина Павловна |
|
| 702 | 1 |
_aМенжинская _bВ. Р. _f1872-1944 _gВера Рудольфовна |
|
| 702 | 1 |
_aДанилевский _bМ. А. |
|
| 702 | 1 |
_aДий _bМ. Ф. |
|
| 702 | 1 |
_aСигал _bМ. |
|
| 801 | 0 |
_aRU _bNLR _c20070604 |
|
| 852 |
_aNLR _j2/124 |
||
| 899 | _aРКП | ||
| 899 | _aSLK | ||
| 899 | _aГПИБ | ||
| 899 | _aУОНБ | ||
| 899 | _aСамОУНБ | ||
| 899 | _aАстОНБ | ||
| 899 | _aАКУНБ | ||
| 899 | _aРГБ | ||
| 899 | _aНГОУНБ | ||
| 899 | _aКирОУНБ | ||
| 942 | _cBOOK | ||
| 980 | _aA1SV | ||
| 980 | _aNB | ||